000 00290nam a22001337a 4500
008 210429b ||||| |||| 00| 0 eng d
041 _aeng
080 _a941
082 _a941
100 _a16
101 _aSHH
245 _aThe Saturday Night Soldiers
_cSellwood,A.V
942 _2udc
_cBK
999 _c56973
_d56973